000 00749cac a22001931u 4500
008 081103t2005 xxu||||| |||| 00| 0 eng d
020 _a9780131362628
020 _a0131362623
082 _a001.55
_bHIL
_220
100 _aHill, Francis S.
_93729
245 _c Francis S. Hill
_aComputer graphics using open GL/
250 _a3nd ed.
260 _aNew York :
_bPearson Education,
_cc.2007.
300 _a954 p. :
_bill. ;
_c24 cm.
500 _aIncludes index.
650 _aComputer graphics
_93730
942 _cBB
_k001.55HIL
_2ddc
999 _c11310
_d11310